000 01773nam a2200289Ia 4500
999 _c52870
_d52870
001 19900
003 GE_BSU
005 20200506232357.0
008 181216s2016||||ge |||||||||||||| ||geo||
020 _a9789941088759
040 _cGE_BSU
041 _ageo
080 _a28-24 თ-68
100 _aთოფბაში, ოსმან ნური
_97993
245 _aშუამავალთა ჯაჭვი - 2 : ყურანის შუქის ქვეშ :
_bსასკოლო წიგნი /
_cოსმან ნური თოფბაში ; მთარგმნელი ნინო ჩოგაძე ; მთ. რედაქტორი ზურაბ მიქელაძე ; თეოლ. რედაქტორი გელა გოგიტიძე.
264 _aბათუმი :
_bერქამი,
_c2016.
300 _a352 გვ. ;
_c23 სმ.
520 _aწიგნი გამოცემულია საქართველოს ახალგაზრდებზე დახმარების ასოციაციის მიერ, სრ. საქ. მუსლიმთა სამმართველოს რეკომენდაციით.
541 _h5ლ.
653 _aისლამი
653 _aრელიგია
653 _aშუამავალთა ჯაჭვი - 2. ყურანის შუქის ქვეშ
700 _a ჩოგაძე, ნინო
_eმთარგმნელი
_97997
700 _a მიქელაძე, ზურაბ
_eმთ. რედაქტორი
_97998
700 _a გოგიტიძე, გელა
_eთეოლ. რედაქტორი
_97999
942 _cBK
_2udc